|
|
|
|
| LEADER |
00000nam0a2200000 4500 |
| 001 |
271212 |
| 005 |
20231101234420.0 |
| 020 |
|
|
|a RU
|b 87-69821
|
| 035 |
|
|
|a (RuTPU)RU\TPU\book\294393
|
| 090 |
|
|
|a 271212
|
| 100 |
|
|
|a 20141006d1987 km y0rusy5003 ca
|
| 101 |
0 |
|
|a rus
|
| 102 |
|
|
|a RU
|
| 105 |
|
|
|a y z 000zy
|
| 200 |
1 |
|
|a Молодой специалист: путь к творческой зрелости
|f А. В. Жуганов
|
| 210 |
|
|
|a Москва
|c Молодая гвардия
|d 1987
|
| 215 |
|
|
|a 208 с.
|
| 225 |
1 |
|
|a Молодежь: проблемы и перспективы
|
| 606 |
1 |
|
|a Умственный труд
|x Гигиена
|2 stltpush
|3 (RuTPU)RU\TPU\subj\37152
|9 58281
|
| 610 |
1 |
|
|a молодые специалисты
|
| 610 |
1 |
|
|a трудовая активность
|
| 610 |
1 |
|
|a творчество
|
| 610 |
1 |
|
|a научно-технический прогресс
|
| 610 |
1 |
|
|a социально-экономическое развитие
|
| 610 |
1 |
|
|a творческая активность
|
| 610 |
1 |
|
|a новаторство
|
| 686 |
|
|
|a У9(2)24
|v LBC/SL-A
|2 rubbk
|
| 700 |
|
1 |
|a Жуганов
|b А. В.
|g Александр Васильевич
|4 070
|
| 801 |
|
0 |
|a RU
|b RuMRKP
|c 19950417
|g psbo
|
| 801 |
|
1 |
|a RU
|b 63413507
|c 20141006
|
| 801 |
|
2 |
|a RU
|b 63413507
|c 20170309
|g RCR
|
| 942 |
|
|
|c BK
|